<?xml version="1.0" encoding="UTF-8"?>
<record
    xmlns:xsi="http://www.w3.org/2001/XMLSchema-instance"
    xsi:schemaLocation="http://www.loc.gov/MARC21/slim http://www.loc.gov/standards/marcxml/schema/MARC21slim.xsd"
    xmlns="http://www.loc.gov/MARC21/slim">

  <leader>01954    a2200229   4500</leader>
  <controlfield tag="001">37226</controlfield>
  <controlfield tag="005">20260407155641.0</controlfield>
  <controlfield tag="008">260407a1997    arg                 spa d</controlfield>
  <controlfield tag="003">AR-UNSa-BCEJYS</controlfield>
  <datafield tag="040" ind1=" " ind2=" ">
    <subfield code="a">AR-UNSa-BCEJYS</subfield>
    <subfield code="b">spa</subfield>
    <subfield code="c">AR-UNSa-BCEJYS</subfield>
  </datafield>
  <datafield tag="080" ind1=" " ind2=" ">
    <subfield code="a">658.56</subfield>
    <subfield code="x">Control de la calidad. Control de herramientas y material</subfield>
  </datafield>
  <datafield tag="245" ind1="1" ind2="0">
    <subfield code="a">Administraci&#xF3;n total del mejoramiento continuo</subfield>
    <subfield code="p">la nueva generaci&#xF3;n</subfield>
  </datafield>
  <datafield tag="020" ind1=" " ind2=" ">
    <subfield code="a">958-600-562-3</subfield>
  </datafield>
  <datafield tag="264" ind1=" " ind2="1">
    <subfield code="a">Bogot&#xE1; :</subfield>
    <subfield code="b">McGraw-Hill</subfield>
    <subfield code="c">1997</subfield>
  </datafield>
  <datafield tag="300" ind1=" " ind2=" ">
    <subfield code="a">506 p.</subfield>
    <subfield code="c">24 cm.</subfield>
  </datafield>
  <datafield tag="505" ind1=" " ind2=" ">
    <subfield code="a">1. Liderazgo de alta gerencia: el personal que necesita cambiar primero - 2. Proceso de planeaci&#xF3;n de negocios: alineaci&#xF3;n de la organizaci&#xF3;n con su personal - . Planes de cambio ambiental. mejores pr&#xE1;cticas para la planeaci&#xF3;n e implementaci&#xF3;n del mejoramiento - 4. Enfoque en el cliente externo: mejores pr&#xE1;cticas para establecer excelentes relaciones con el cliente - 5. Sistemas de administraci&#xF3;n de calidad: ISO 9000 y otros - 6. Gerencia participativa: la gerencia debe dar el ejemplo - 7. Conformaci&#xF3;n de equipos: generar sinergia a la organizaci&#xF3;n - 8. Excelencia individual: m&#xE1;s all&#xE1; de los equipos - 9. Relaciones con el proveedor: desarrollo un proceso de administraci&#xF3;n de suministros - 10. Cambio radical de procesos: comienzo a pasos agigantados - 11. Excelencia del proceso de productos:El aspecto de la producci&#xF3;n en todas las organizaciones - 12. Excelencia en el proceso de servicios: c&#xF3;mo atender mejor a los clientes - 13. El proceso de mediaci&#xF3;n: la tarjeta de resultados balanceada - 14. Estructura organizacional: la reestructuraci&#xF3;n de la organizaci&#xF3;n para el siglo XXI - 15. Retribuciones y reconocimiento: remuneraci&#xF3;n del comportamietno deseado.</subfield>
  </datafield>
  <datafield tag="942" ind1=" " ind2=" ">
    <subfield code="c">BK</subfield>
  </datafield>
  <datafield tag="590" ind1=" " ind2=" ">
    <subfield code="a">niveau_biblio:m niveau_hierar:0</subfield>
  </datafield>
  <datafield tag="100" ind1="1" ind2=" ">
    <subfield code="a">Harrington, H. James</subfield>
  </datafield>
  <datafield tag="700" ind1="1" ind2=" ">
    <subfield code="a">Cano, Leonardo</subfield>
  </datafield>
  <datafield tag="856" ind1="4" ind2="1">
    <subfield code="u">https://biblioeco.unsa.edu.ar/pmb/images/libros/L85420.jpg</subfield>
    <subfield code="y">Imagen de portada</subfield>
    <subfield code="q">image/jpeg</subfield>
  </datafield>
  <datafield tag="999" ind1=" " ind2=" ">
    <subfield code="c">2713</subfield>
    <subfield code="d">2713</subfield>
  </datafield>
  <datafield tag="952" ind1=" " ind2=" ">
    <subfield code="0">0</subfield>
    <subfield code="1">0</subfield>
    <subfield code="4">0</subfield>
    <subfield code="7">0</subfield>
    <subfield code="a">BCEJYS</subfield>
    <subfield code="b">BCEJYS</subfield>
    <subfield code="c">16</subfield>
    <subfield code="d">2026-04-07</subfield>
    <subfield code="l">0</subfield>
    <subfield code="o">658.56 H297</subfield>
    <subfield code="p">L85420</subfield>
    <subfield code="r">2026-04-07 15:56:41</subfield>
    <subfield code="w">2026-04-07</subfield>
    <subfield code="y">L</subfield>
    <subfield code="z">CANTO SUPERIOR UN POCO DOBLADO - CANTO INFERIOR MANCHADO </subfield>
  </datafield>
  <datafield tag="952" ind1=" " ind2=" ">
    <subfield code="0">0</subfield>
    <subfield code="1">0</subfield>
    <subfield code="4">0</subfield>
    <subfield code="7">0</subfield>
    <subfield code="a">BCEJYS</subfield>
    <subfield code="b">BCEJYS</subfield>
    <subfield code="c">16</subfield>
    <subfield code="d">2026-04-07</subfield>
    <subfield code="l">3</subfield>
    <subfield code="m">1</subfield>
    <subfield code="o">658.56 H297</subfield>
    <subfield code="p">L85419</subfield>
    <subfield code="q">2026-06-04</subfield>
    <subfield code="r">2026-05-07 17:41:41</subfield>
    <subfield code="s">2026-05-07</subfield>
    <subfield code="w">2026-04-07</subfield>
    <subfield code="y">L</subfield>
    <subfield code="z">CANTO UN POCO SUCIO</subfield>
  </datafield>
</record>
